Desarrollo de una campaña publicitaria para el lanzamiento de un nuevo producto al mercado /

Guardat en:
Dades bibliogràfiques
Autor principal: Morales Reyes, Pablo (autor)
Format: Thesis Llibre
Idioma:espanyol
Publicat: Guadalajara, México : edición de autor, 1994
Matèries:
Etiquetes: Afegir etiqueta
Sense etiquetes, Sigues el primer a etiquetar aquest registre!

MARC

LEADER 00000nam^a2200000^a^4500
001 000045676
005 20250521000000.0
009 20260310085943.995
037 |a Acervo ITESO - Biblioteca 
041 |a ESP 
090 |a LAE. 196 
100 |a Morales Reyes, Pablo  |e (autor) 
245 1 0 |a Desarrollo de una campaña publicitaria para el lanzamiento de un nuevo producto al mercado /  |c P. Morales Reyes. 
264 1 |a Guadalajara, México :  |b edición de autor,  |c 1994 
300 |a 186 p. 
336 |a texto  |b txt  |2 rdacontenido 
337 |a sin mediación  |b n  |2 rdamedio 
338 |a volumen  |b nc  |2 rdasoporte 
502 |a ITESO Tesis de Licenciatura en Administración de Empresas 
649 |a XX 
650 |a Ciencias Administrativas 
650 |a Administración 
650 |a Mercadotecnia 
650 |a Promoción del Producto 
910 |a Fondo General 
920 |a Impresos - Tesis del ITESO 
930 |a Colección General 
905 |a 104 
901 |a T024350100  |b IT2  |c TSS  |i 802435  |u 20250521 
902 |a https://opac.biblio.iteso.mx/vufind/Record/000045676